Best Bigmen from each NBA Team: Atlanta Hawks - Statistics

General Stats
  • This quiz has been taken 3 times
  • The average score is 4 of 25
Answer Stats
Hint Answer % Correct
1954-1965 Bob Pettit
100%
1996-2001 Dikembe Mutombo
100%
2007-2016 Al Horford
67%
2018-2020 Alex Len
33%
2020-2024 Clint Capela
33%
2016-2017 Dwight Howard
33%
1984-1995, 2006-2007 Kevin Willis
33%
1977-1988 Tree Rollins
33%
1993-1996 Andrew Lang
0%
1970-1973 Bob Christian
0%
1995-1998 Christian Laettner
0%
1958-1962 Clyde Lovellette
0%
2021-2022 Gorgui Dieng
0%
2003-2005 Jason Collier
0%
2009-2012 Jason Collins
0%
1985-1995 Jon Koncak
0%
1988-1991 Moses Malone
0%
2000-2004 Nazr Mohammed
0%
2020-2024 Onyeka Okongwu
0%
2004-2005 Predrag Drobnjak
0%
2001-2004 Theo Ratliff
0%
1990-1991 Tim McCormick
0%
1969-1974 Walt Bellamy
0%
2005-2013 Zaza Pachulia
0%
1962-1969 Zelmo Beaty
0%
No matching quizzes found
Score Distribution
Percent of People with Each Score
Percentile by Number Answered
Your Score History
You have not taken this quiz